[Event "Specialiste-Tch"]
[Site "Montreal CAN"]
[Date "1984.02.02"]
[Round "1"]
[White "Rousseau, Daniel"]
[Black "Moshopoulos, Angelos"]
[Result "1-0"]
[WhiteElo "1958"]
[BlackElo "1880"]
[PlyCount "71"]
[GameId "2160767912793335"]
[EventDate "1984.02.02"]
[EventType "team"]
[EventRounds "5"]
[EventCountry "CAN"]
[SourceTitle "hb 2011"]

1. c4 Nf6 2. Nc3 e6 3. g3 d5 4. d4 Bb4 5. Bg2 O-O 6. Nf3 Ne4 7. Qb3 a5 8. O-O Bxc3 9. bxc3 a4 10. Qc2 Nd7 11. Nd2 Nxd2 12. Bxd2 Nb6 13. cxd5 exd5 14. e4 c6 15. Rae1 Be6 16. f4 dxe4 17. Bxe4 h6 18. f5 Bc4 19. Rf4 Qf6 20. Qc1 Rfe8 21. Rg4 Kh7 22. Bb1 Rxe1+ 23. Qxe1 Bd5 24. Bf4 Nd7 25. Qe3 Ra6 26. Qe8 Bf3 27. Rg6 Rb6 28. Bd3 Nc5 29. Rxf6 Nxd3 30. Rxh6+ gxh6 31. Qxf7+ Kh8 32. Qf6+ Kh7 33. Qxh6+ Kg8 34. Qg6+ Kh8 35. Qe8+ Kh7 36. Qe7+ 1-0

[Event "Specialiste-Tch"]
[Site "Montreal CAN"]
[Date "1984.02.09"]
[Round "2"]
[White "Rousseau, Daniel"]
[Black "Balla, Thomas"]
[Result "1/2-1/2"]
[WhiteElo "1958"]
[BlackElo "1940"]
[PlyCount "185"]
[GameId "2160767912793338"]
[EventDate "1984.02.02"]
[EventType "team"]
[EventRounds "5"]
[EventCountry "CAN"]
[SourceTitle "hb 2011"]

1. c4 g6 2. Nc3 Bg7 3. d4 Nf6 4. e4 d6 5. f3 O-O 6. Be3 a6 7. Qd2 Re8 8. Nge2 c6 9. Nc1 b5 10. Nb3 Nbd7 11. Be2 bxc4 12. Bxc4 d5 13. Be2 dxe4 14. fxe4 e5 15. dxe5 Rxe5 16. O-O Nxe4 17. Nxe4 Rxe4 18. Bf3 Rxe3 19. Qxe3 Ne5 20. Rad1 Qc7 21. Nc5 Bf5 22. Qf2 a5 23. h3 Nxf3+ 24. Qxf3 Qb6 25. Qf2 Qxb2 26. Rd2 Qe5 27. Re1 Qc7 28. Rf1 Re8 29. Rd7 Qe5 30. Rdd1 Bh6 31. Nd7 Qe7 32. Rfe1 Be3 33. Rxe3 Qxe3 34. Nf6+ Kf8 35. Nxe8 Qxf2+ 36. Kxf2 Kxe8 37. Ke3 Be6 38. Rd2 Bd5 39. Kd4 Kd7 40. Ke5 h5 41. Rf2 Ke7 42. g4 hxg4 43. hxg4 g5 44. a3 f6+ 45. Kd4 Kf7 46. Rf1 Be6 47. Rg1 c5+ 48. Ke4 Ke7 49. Rg2 Kf7 50. Rg3 Kg6 51. Rg1 Bxg4 52. Rc1 f5+ 53. Ke3 f4+ 54. Kf2 Be6 55. Rxc5 a4 56. Re5 Bb3 57. Re4 Kh5 58. Rd4 Kg4 59. Rb4 Kf5 60. Rb5+ Kf6 61. Rb4 Ke5 62. Rb5+ Bd5 63. Ra5 g4 64. Rxa4 g3+ 65. Kg1 Be4 66. Ra5+ Kd4 67. Rg5 g2 68. Kf2 Bc6 69. Rg6 Kc5 70. a4 Bxa4 71. Rxg2 Bc6 72. Rg4 f3 73. Ke3 Kd6 74. Kd4 Ba8 75. Rg6+ Kc7 76. Ke5 Kd7 77. Rf6 Kc7 78. Rf8 Bc6 79. Rf7+ Kb6 80. Kd6 Bb7 81. Rf8 Be4 82. Rb8+ Ka6 83. Rb2 Ka5 84. Kc5 Ka6 85. Rb6+ Ka7 86. Rf6 Bb7 87. Rf4 Ba8 88. Rf7+ Ka6 89. Re7 Bb7 90. Re1 Ka7 91. Re6 Ba6 92. Rf6 Be2 93. Rxf3 1/2-1/2

[Event "Specialiste-Tch"]
[Site "Montreal CAN"]
[Date "1984.02.16"]
[Round "3"]
[White "Alain, Benoit"]
[Black "Rousseau, Daniel"]
[Result "0-1"]
[WhiteElo "1955"]
[BlackElo "1958"]
[PlyCount "48"]
[GameId "2160767912793339"]
[EventDate "1984.02.02"]
[EventType "team"]
[EventRounds "5"]
[EventCountry "CAN"]
[SourceTitle "hb 2011"]

1. c4 c5 2. Nc3 Nf6 3. Nf3 d5 4. cxd5 Nxd5 5. e4 Nb4 6. Bc4 Nd3+ 7. Ke2 Nf4+ 8. Kf1 Ne6 9. b4 cxb4 10. Nd5 g6 11. Bb2 Bg7 12. Bxg7 Nxg7 13. Nxb4 O-O 14. h3 e5 15. Nxe5 Qd4 16. Nd5 Qxe5 17. d4 Qd6 18. e5 Qd8 19. Nf6+ Kh8 20. h4 Nd7 21. Ne4 Nb6 22. Nf6 Nxc4 23. h5 g5 24. Qd3 Nf5 0-1

[Event "Specialiste-ch"]
[Site "Montreal CAN"]
[Date "1984.01.20"]
[Round "1"]
[White "Rousseau, Daniel"]
[Black "Goldner, John"]
[Result "1-0"]
[WhiteElo "1958"]
[BlackElo "1621"]
[PlyCount "97"]
[GameId "2160767912793413"]
[EventDate "1984.01.20"]
[EventType "swiss"]
[EventRounds "5"]
[EventCountry "CAN"]
[SourceTitle "hb 2011"]

1. d4 Nf6 2. c4 e6 3. Nf3 d5 4. Nc3 Nbd7 5. Bg5 c6 6. e3 Qa5 7. Nd2 Bb4 8. Qc2 O-O 9. Be2 dxc4 10. Bxf6 Nxf6 11. Nxc4 Qc7 12. O-O Rd8 13. a3 Bf8 14. b4 Nd5 15. Rfc1 a6 16. Ne4 Bd7 17. Ng5 g6 18. h4 f6 19. Nf3 Be8 20. g3 Bh6 21. Qe4 Bf7 22. h5 Re8 23. hxg6 Bxg6 24. Qh4 Bg7 25. e4 Ne7 26. Ne3 Rad8 27. Bc4 Bf7 28. Ng4 Ng6 29. Nxf6+ Bxf6 30. Qxf6 Qe7 31. Qxe7 Rxe7 32. Kg2 e5 33. Bxf7+ Kxf7 34. dxe5 Nxe5 35. Nxe5+ Rxe5 36. Re1 Rd4 37. Kf3 h5 38. Kf4 Kf6 39. Rad1 Red5 40. Rxd4 Rxd4 41. Re3 Rd2 42. e5+ Ke6 43. f3 Rd1 44. Kg5 Rh1 45. f4 Ke7 46. f5 Ke8 47. e6 Rh3 48. f6 h4 49. Kg4 1-0

[Event "Specialiste-ch"]
[Site "Montreal CAN"]
[Date "1984.01.21"]
[Round "3"]
[White "Rousseau, Daniel"]
[Black "Moshopoulos, Angelos"]
[Result "1-0"]
[WhiteElo "1958"]
[BlackElo "1819"]
[PlyCount "60"]
[GameId "2160767912793415"]
[EventDate "1984.01.20"]
[EventType "swiss"]
[EventRounds "5"]
[EventCountry "CAN"]
[SourceTitle "hb 2011"]

1. d4 Nf6 2. c4 e6 3. Nf3 c5 4. d5 exd5 5. cxd5 d6 6. Nc3 g6 7. Bf4 a6 8. a4 Bg7 9. e4 Bg4 10. Be2 Bxf3 11. Bxf3 O-O 12. O-O Qe7 13. Re1 Nbd7 14. a5 Ne5 15. Na4 h6 16. Nb6 Rad8 17. Bxe5 dxe5 18. Rc1 Nd7 19. Nc4 Rb8 20. Qc2 h5 21. g3 Bh6 22. Rcd1 b5 23. axb6 Nxb6 24. Na5 Qd6 25. Nc6 Rb7 26. Ra1 Qf6 27. Be2 h4 28. Bxa6 hxg3 29. hxg3 Rc7 30. Qxc5 Kg7 1-0

[Event "Specialiste-ch"]
[Site "Montreal CAN"]
[Date "1984.01.22"]
[Round "4"]
[White "Gilbert, Erick"]
[Black "Rousseau, Daniel"]
[Result "1-0"]
[WhiteElo "1881"]
[BlackElo "1958"]
[PlyCount "91"]
[GameId "2160767912793416"]
[EventDate "1984.01.20"]
[EventType "swiss"]
[EventRounds "5"]
[EventCountry "CAN"]
[SourceTitle "hb 2011"]

1. d4 Nf6 2. c4 e6 3. Nf3 b6 4. g3 Bb7 5. Bg2 c5 6. Bg5 cxd4 7. Qxd4 Nc6 8. Bxf6 gxf6 9. Qd1 Bb4+ 10. Nbd2 d5 11. cxd5 Qxd5 12. O-O Rd8 13. Qc2 Bxd2 14. Nxd2 Qxg2+ 15. Kxg2 Nd4+ 16. Qe4 Bxe4+ 17. Nxe4 f5 18. Nc3 Ke7 19. e3 Nc2 20. Rad1 Nb4 21. Rd4 Rxd4 22. exd4 Rd8 23. Rd1 Nc2 24. d5 e5 25. Nb5 Rd7 26. Rd2 Ne1+ 27. Kf1 Nf3 28. d6+ Kd8 29. Rd5 f6 30. h4 Kc8 31. Ke2 Nh2 32. f3 Kb7 33. Rd1 e4 34. fxe4 fxe4 35. Ke3 Ng4+ 36. Kf4 h5 37. Kf5 Ne3+ 38. Ke6 Rd8 39. Ke7 Rg8 40. Rc1 a6 41. Nd4 Nd5+ 42. Ke6 Nb4 43. Rc7+ Ka8 44. a3 Re8+ 45. Re7 Rc8 46. d7 1-0

[Event "Specialiste-ch"]
[Site "Montreal CAN"]
[Date "1984.01.22"]
[Round "5"]
[White "Rousseau, Daniel"]
[Black "Landry, Sylvain"]
[Result "1-0"]
[WhiteElo "1958"]
[BlackElo "1766"]
[PlyCount "89"]
[GameId "2160767912793417"]
[EventDate "1984.01.20"]
[EventType "swiss"]
[EventRounds "5"]
[EventCountry "CAN"]
[SourceTitle "hb 2011"]

1. e4 e5 2. Nf3 Nc6 3. Bb5 Bc5 4. c3 d5 5. Nxe5 Qg5 6. d4 Qxg2 7. Qf3 Qxf3 8. Nxf3 dxe4 9. Ne5 Bd6 10. Nxc6 a6 11. Ba4 Bd7 12. Na5 Bxa4 13. Nxb7 Be7 14. b3 Bc6 15. Na5 Bd5 16. Rg1 g6 17. Bf4 c5 18. c4 Be6 19. Nc6 Bf6 20. Nc3 Rc8 21. Ne5 cxd4 22. Nxe4 Be7 23. O-O-O f6 24. Nd3 g5 25. Nd6+ Bxd6 26. Bxd6 Nh6 27. Rge1 Kf7 28. Re4 Bh3 29. Ba3 Rhe8 30. Rde1 Nf5 31. Rxe8 Rxe8 32. Rxe8 Kxe8 33. Nb4 a5 34. Nc6 a4 35. b4 Kd7 36. Na5 Nh4 37. Bb2 Nf3 38. b5 d3 39. Bc3 f5 40. c5 Nxh2 41. c6+ Kc8 42. b6 Nf3 43. Nc4 Bg2 44. Nd6+ Kd8 45. Bf6# 1-0

[Event "Montreal op"]
[Site "Montreal CAN"]
[Date "1983.09.03"]
[Round "1"]
[White "Rousseau, Daniel"]
[Black "Gingras, Michel"]
[Result "1-0"]
[WhiteElo "1943"]
[BlackElo "1724"]
[PlyCount "79"]
[GameId "2160767912810221"]
[EventDate "1983.09.03"]
[EventType "swiss"]
[EventRounds "6"]
[EventCountry "CAN"]
[SourceTitle "hb 2011"]

1. e4 Nf6 2. e5 Nd5 3. d4 d6 4. Nf3 Bg4 5. Be2 e6 6. c4 Nb6 7. exd6 cxd6 8. h3 Bh5 9. O-O Be7 10. Nc3 O-O 11. Be3 d5 12. c5 N6d7 13. Bf4 Nc6 14. a3 b6 15. g4 Bg6 16. Qa4 Nxd4 17. Nxd4 Nxc5 18. Qd1 Bd6 19. Nc6 Qd7 20. Ne5 Bxe5 21. Bxe5 f6 22. Bd4 Rfd8 23. f4 Bf7 24. b4 Nb7 25. Qe1 Nd6 26. Bd3 Re8 27. Qg3 Rac8 28. g5 f5 29. Qf3 Re7 30. h4 Qe8 31. Be2 Ne4 32. Bb5 Qd8 33. Qe3 Be8 34. Ba6 Rcc7 35. Be2 Qc8 36. Rac1 Qb7 37. Rc2 Nd6 38. Bxg7 Kxg7 39. Qe5+ Kf7 40. Qh8 1-0

[Event "Montreal op"]
[Site "Montreal CAN"]
[Date "1983.09.03"]
[Round "2"]
[White "Sasseville, Jean"]
[Black "Rousseau, Daniel"]
[Result "0-1"]
[WhiteElo "2109"]
[BlackElo "1943"]
[PlyCount "78"]
[GameId "2160767912810222"]
[EventDate "1983.09.03"]
[EventType "swiss"]
[EventRounds "6"]
[EventCountry "CAN"]
[SourceTitle "hb 2011"]

1. c4 c5 2. Nc3 Nf6 3. Nf3 d5 4. cxd5 Nxd5 5. d4 g6 6. e4 Nxc3 7. bxc3 Bg7 8. Be2 Qa5 9. O-O O-O 10. Be3 Nc6 11. dxc5 Qxc3 12. Rb1 Qa5 13. Qb3 Qc7 14. Rfd1 Rb8 15. h3 Be6 16. Qa3 Rbd8 17. Rxd8 Rxd8 18. Ng5 Bc8 19. Bc4 e6 20. Bb5 Nd4 21. Bxd4 Bxd4 22. Rc1 Bd7 23. Be2 a6 24. Qb4 Qf4 25. Rf1 Bc6 26. Nf3 Qxe4 27. Rd1 Bxf2+ 28. Kxf2 Qxb4 29. Rxd8+ Kg7 30. Nd4 Qxc5 31. Kf1 Bd5 32. Nf3 Qc7 33. Ra8 b5 34. Rxa6 Bb7 35. Ra7 Qc1+ 36. Ne1 Bxg2+ 37. Kxg2 Qxe1 38. Bf3 h5 39. Ra3 Qd2+ 0-1

[Event "Montreal op"]
[Site "Montreal CAN"]
[Date "1983.09.04"]
[Round "3"]
[White "Alvarez, Jose Luis"]
[Black "Rousseau, Daniel"]
[Result "1-0"]
[WhiteElo "2036"]
[BlackElo "1943"]
[PlyCount "97"]
[GameId "2160767912810223"]
[EventDate "1983.09.03"]
[EventType "swiss"]
[EventRounds "6"]
[EventCountry "CAN"]
[SourceTitle "hb 2011"]

1. e4 e5 2. Nf3 Nc6 3. Bc4 Nf6 4. Ng5 d5 5. exd5 Na5 6. Bb5+ c6 7. dxc6 bxc6 8. Qf3 Rb8 9. Bd3 h6 10. Ne4 Nd5 11. Ng3 g6 12. b3 Bg7 13. Ba3 Nb4 14. Be4 Qd7 15. Qc3 Qd4 16. Bxb4 Rxb4 17. a3 Qxc3 18. Nxc3 Rd4 19. b4 Nc4 20. d3 Nb6 21. Bxc6+ Ke7 22. Rb1 Be6 23. Nb5 Rdd8 24. Nxa7 Rd6 25. Ne4 Rd4 26. Nb5 Rdd8 27. Nc5 Rc8 28. Na7 Rc7 29. Bb7 Rb8 30. Nc6+ Rxc6 31. Bxc6 Rc8 32. Bb7 Rc7 33. c4 Bf5 34. Ke2 Bf8 35. Be4 Bc8 36. a4 f5 37. a5 Nxc4 38. dxc4 fxe4 39. Rhc1 Kf7 40. Nxe4 Be6 41. c5 Bd5 42. f3 Be7 43. Rc3 Ra7 44. Nd6+ Ke6 45. Nc8 Ra6 46. Nxe7 Kxe7 47. Ra3 Bc4+ 48. Ke3 Bb5 49. Rd1 1-0

[Event "Montreal op"]
[Site "Montreal CAN"]
[Date "1983.09.04"]
[Round "4"]
[White "Rousseau, Daniel"]
[Black "McCrea, Grant"]
[Result "1-0"]
[WhiteElo "1943"]
[BlackElo "1884"]
[PlyCount "83"]
[GameId "2160767912810225"]
[EventDate "1983.09.03"]
[EventType "swiss"]
[EventRounds "6"]
[EventCountry "CAN"]
[SourceTitle "hb 2011"]

1. e4 c6 2. d4 d5 3. Nd2 dxe4 4. Nxe4 Nd7 5. Bc4 Ngf6 6. Ng5 e6 7. Qe2 Nb6 8. Bd3 h6 9. N5f3 Qc7 10. Ne5 Bd6 11. Ngf3 Nbd7 12. O-O c5 13. Nc4 cxd4 14. Nxd4 a6 15. Nxd6+ Qxd6 16. Nf5 Qc5 17. Be3 Qa5 18. Nd6+ Ke7 19. Bf4 Rd8 20. Nc4 Qh5 21. Bd6+ Ke8 22. Qe3 Ng4 23. Qg3 b5 24. Ne3 Nde5 25. Nxg4 Nxg4 26. Be4 Ra7 27. Bf3 e5 28. Bb8 Re7 29. h3 Qg5 30. hxg4 e4 31. Bf4 Qc5 32. Bd1 Bb7 33. Be3 Qc4 34. c3 Qc6 35. Bb3 Rd6 36. Rad1 Rg6 37. Rd2 f5 38. Rfd1 Kf8 39. Rd8+ Re8 40. Rxe8+ Kxe8 41. Qb8+ Bc8 42. gxf5 1-0

[Event "Montreal op"]
[Site "Montreal CAN"]
[Date "1983.09.05"]
[Round "5"]
[White "Breton, Nikolai"]
[Black "Rousseau, Daniel"]
[Result "1-0"]
[WhiteElo "2061"]
[BlackElo "1943"]
[PlyCount "90"]
[GameId "2160767912810226"]
[EventDate "1983.09.03"]
[EventType "swiss"]
[EventRounds "6"]
[EventCountry "CAN"]
[SourceTitle "hb 2011"]

1. e4 e5 2. f4 d5 3. exd5 e4 4. d4 Qxd5 5. Be3 Nf6 6. h3 h5 7. g3 Nc6 8. a3 Ne7 9. c4 Qd8 10. Nc3 Nf5 11. Kf2 c6 12. Qd2 Bd6 13. Nge2 Qe7 14. b4 O-O 15. Bg2 Bc7 16. Rhb1 Nd6 17. c5 Nc4 18. Qc1 h4 19. Nd1 hxg3+ 20. Kxg3 Nxe3 21. Qxe3 Nd5 22. Qxe4 Qg5+ 23. Kf2 Nxf4 24. Nxf4 Bxf4 25. Rb3 Bf5 26. Qf3 Rfe8 27. Ne3 Bd7 28. Re1 Qh4+ 29. Kf1 Bg3 30. Rd1 Bxh3 31. Nf5 Bxg2+ 32. Qxg2 Qf4+ 33. Rf3 Qe4 34. Nxg3 Qg6 35. Nf5 Qxg2+ 36. Kxg2 Re2+ 37. Rf2 Re4 38. Nd6 Re7 39. Rd3 g6 40. d5 cxd5 41. Rxd5 Kg7 42. b5 Rh8 43. c6 bxc6 44. bxc6 Rc7 45. Rc5 a6 1-0

[Event "Specialiste-Tch2"]
[Site "Montreal CAN"]
[Date "1983.09.08"]
[Round "2"]
[White "Rousseau, Daniel"]
[Black "Dupuis, Stephane"]
[Result "1-0"]
[WhiteElo "2125"]
[BlackElo "2012"]
[PlyCount "85"]
[GameId "2160767912810233"]
[EventDate "1983.09.01"]
[EventType "team"]
[EventRounds "5"]
[EventCountry "CAN"]
[SourceTitle "hb 2011"]

1. e4 c5 2. Nf3 d6 3. d4 cxd4 4. Nxd4 Nf6 5. Nc3 g6 6. Be3 Bg7 7. f3 O-O 8. Qd2 Nc6 9. g4 Ne5 10. Be2 Be6 11. g5 Nfd7 12. Nxe6 fxe6 13. f4 Nf7 14. Bc4 d5 15. Bb3 Nd6 16. O-O-O a5 17. h4 a4 18. Bxd5 exd5 19. Qxd5+ Rf7 20. e5 Ra5 21. Qd3 a3 22. exd6 axb2+ 23. Kb1 exd6 24. Bd4 Nc5 25. Qc4 b5 26. Nxb5 Ra4 27. Qd5 Qa8 28. Qxa8+ Rxa8 29. Nxd6 Rfa7 30. Bxc5 Rxa2 31. c4 Ra1+ 32. Kc2 Rb8 33. Rb1 Ra5 34. Be3 Ra3 35. Bd2 Rf3 36. Rhe1 Rf2 37. c5 Rd8 38. Re6 Bd4 39. c6 Be3 40. Ne4 Rfxd2+ 41. Nxd2 Rxd2+ 42. Kc3 Rd8 43. Rxe3 1-0

[Event "Specialiste-Tch2"]
[Site "Montreal CAN"]
[Date "1983.09.15"]
[Round "3"]
[White "Rousseau, Daniel"]
[Black "Pineault, Denis"]
[Result "0-1"]
[WhiteElo "2125"]
[BlackElo "2121"]
[PlyCount "110"]
[GameId "2160767912810236"]
[EventDate "1983.09.01"]
[EventType "team"]
[EventRounds "5"]
[EventCountry "CAN"]
[SourceTitle "hb 2011"]

1. e4 g6 2. d4 Bg7 3. c4 d6 4. Nc3 Nf6 5. f3 O-O 6. Be3 e5 7. d5 c6 8. Bd3 cxd5 9. cxd5 a6 10. a4 Ne8 11. Qd2 f5 12. Nge2 Nd7 13. b4 Ndf6 14. exf5 gxf5 15. O-O Kh8 16. a5 Qe7 17. Qc2 Nc7 18. Bc4 Bd7 19. Rfd1 Rac8 20. Qb3 Rg8 21. Ra2 Qf8 22. Qb1 Bh6 23. Qc1 Qg7 24. g3 f4 25. Nxf4 exf4 26. Bxf4 Bxf4 27. Qxf4 Nce8 28. Re2 Nh5 29. Qd4 Nxg3 30. Qxg7+ Rxg7 31. hxg3 Rxc4 32. Ne4 Rxb4 33. Kf2 Ra4 34. Rb2 Bf5 35. Nc3 Ra3 36. Ne2 Rxa5 37. Nd4 Bc8 38. Ne2 Re7 39. g4 Rc5 40. Nf4 b5 41. Rh1 Kg8 42. Rd2 a5 43. Nh5 b4 44. f4 Bb7 45. Rhd1 a4 46. Rd4 b3 47. Rxa4 b2 48. Rb1 Rc2+ 49. Kg3 Re3+ 50. Kh4 Bxd5 51. Kg5 Rb3 52. Rd4 Bf7 53. Nf6+ Nxf6 54. Kxf6 Rb6 55. Ra4 Rb8 0-1

[Event "Specialiste-Tch2"]
[Site "Montreal CAN"]
[Date "1983.09.22"]
[Round "4"]
[White "Langlois, Charles"]
[Black "Rousseau, Daniel"]
[Result "1-0"]
[WhiteElo "2150"]
[BlackElo "2134"]
[PlyCount "95"]
[GameId "2160767912810237"]
[EventDate "1983.09.01"]
[EventType "team"]
[EventRounds "5"]
[EventCountry "CAN"]
[SourceTitle "hb 2011"]

1. e4 e5 2. Nf3 Nc6 3. Bb5 a6 4. Ba4 Nf6 5. O-O Be7 6. Bxc6 dxc6 7. d3 Nd7 8. Nbd2 O-O 9. Nc4 Bd6 10. Bd2 c5 11. Bc3 f6 12. a4 Nb8 13. Ne3 Be6 14. Nh4 g6 15. Qf3 Nc6 16. Qg3 Nd4 17. Rfe1 Qd7 18. b3 Kh8 19. Rac1 b5 20. a5 f5 21. Nd5 Bxd5 22. exd5 Qf7 23. Nf3 Qxd5 24. Nxe5 f4 25. Bxd4 Qxd4 26. Qg5 Rf5 27. Nxg6+ Kg7 28. Qxf5 hxg6 29. Qe4 Rf8 30. Qxd4+ cxd4 31. Re4 Ba3 32. Ra1 Bb2 33. Rb1 Bc3 34. Re7+ Rf7 35. Rxf7+ Kxf7 36. Kf1 Ke6 37. Ke2 Kd5 38. h4 Kc5 39. g4 fxg3 40. fxg3 Bxa5 41. Ra1 Kb6 42. Rxa5 Kxa5 43. g4 Kb4 44. h5 gxh5 45. gxh5 a5 46. h6 a4 47. bxa4 bxa4 48. h7 1-0

[Event "Quebec op"]
[Site "Montreal CAN"]
[Date "1983.07.25"]
[Round "1"]
[White "Ducharme, Pierre"]
[Black "Rousseau, Daniel"]
[Result "1-0"]
[WhiteElo "1715"]
[BlackElo "1978"]
[PlyCount "93"]
[GameId "2160767912810263"]
[EventDate "1983.07.24"]
[EventType "swiss"]
[EventRounds "8"]
[EventCountry "CAN"]
[SourceTitle "hb 2011"]

1. e4 Nf6 2. e5 Nd5 3. d4 d6 4. c4 Nb6 5. Nf3 Bg4 6. exd6 exd6 7. h3 Bh5 8. Be3 Be7 9. Bd3 Nc6 10. Nbd2 Bg6 11. Bxg6 hxg6 12. O-O O-O 13. a3 Bf6 14. b4 a6 15. Rb1 Re8 16. Qc2 d5 17. c5 Nc8 18. a4 a5 19. b5 Nb4 20. Qb3 Ne7 21. g4 Nc8 22. Ne1 b6 23. Nd3 Nxd3 24. Qxd3 bxc5 25. dxc5 d4 26. Bf4 Ne7 27. Ne4 Nd5 28. Nxf6+ Qxf6 29. Bd2 Red8 30. Rb3 Rd7 31. Qe4 Rad8 32. g5 Qf5 33. Qxf5 gxf5 34. c6 Re7 35. Bxa5 Ra8 36. Bb4 Re4 37. Ra1 Nxb4 38. Rxb4 Ra5 39. Ra3 Kf8 40. Rd3 Ke7 41. Rdxd4 Re1+ 42. Kg2 Ra1 43. Rd7+ Ke6 44. Rxc7 R1xa4 45. Rxa4 Rxa4 46. b6 Rb4 47. b7 1-0

[Event "Quebec op"]
[Site "Montreal CAN"]
[Date "1983.07.26"]
[Round "2"]
[White "Rousseau, Daniel"]
[Black "Parent, Francois"]
[Result "1-0"]
[WhiteElo "1978"]
[BlackElo "1760"]
[PlyCount "53"]
[GameId "2160767912810268"]
[EventDate "1983.07.24"]
[EventType "swiss"]
[EventRounds "8"]
[EventCountry "CAN"]
[SourceTitle "hb 2011"]

1. e4 e5 2. Nf3 Nc6 3. Bb5 a6 4. Ba4 Nf6 5. O-O Be7 6. Re1 b5 7. Bb3 O-O 8. a4 Bb7 9. d3 d6 10. Nc3 b4 11. Ne2 Na5 12. Ba2 c5 13. c3 Nc6 14. Ng3 Bc8 15. h3 Qc7 16. Bd2 Rd8 17. Qe2 Rb8 18. Bd5 bxc3 19. bxc3 Nxd5 20. exd5 Na5 21. Be3 f5 22. Bg5 Bxg5 23. Nxg5 Qe7 24. f4 Qf6 25. h4 exf4 26. Nh5 Qxc3 27. Qe8+ 1-0

[Event "Quebec op"]
[Site "Montreal CAN"]
[Date "1983.07.26"]
[Round "3"]
[White "Morin, Yves"]
[Black "Rousseau, Daniel"]
[Result "1/2-1/2"]
[WhiteElo "1846"]
[BlackElo "1978"]
[PlyCount "92"]
[GameId "2160767912810273"]
[EventDate "1983.07.24"]
[EventType "swiss"]
[EventRounds "8"]
[EventCountry "CAN"]
[SourceTitle "hb 2011"]

1. e4 g6 2. d4 Bg7 3. Nf3 d6 4. Bc4 Nf6 5. Qe2 O-O 6. O-O c6 7. Bb3 Bg4 8. Nbd2 e5 9. dxe5 dxe5 10. h3 Bxf3 11. Nxf3 Nbd7 12. Rd1 Qe7 13. c3 h6 14. a4 Nc5 15. Bc2 a5 16. b3 Rfd8 17. Ba3 Bf8 18. Qe3 b6 19. Nd2 Kh7 20. Nc4 Qc7 21. Qf3 Nh5 22. g3 Ne6 23. Bxf8 Rxf8 24. Ne3 Ng5 25. Qg2 Qe7 26. h4 Ne6 27. Qf3 Rad8 28. Rxd8 Rxd8 29. Rd1 Rxd1+ 30. Qxd1 Qc5 31. Qd2 b5 32. Ng4 g5 33. b4 axb4 34. cxb4 Qa7 35. Nxe5 Nd4 36. hxg5 bxa4 37. Bxa4 Nxg3 38. Bd1 Ne6 39. Nxc6 Qb6 40. gxh6 Nxe4 41. Qc2 N6g5 42. Bg4 Kxh6 43. Kg2 Nf6 44. Bf5 Nh5 45. Qc5 Qxc5 46. bxc5 Nf4+ 1/2-1/2

[Event "Quebec op"]
[Site "Montreal CAN"]
[Date "1983.07.27"]
[Round "4"]
[White "Gilbert, Erick"]
[Black "Rousseau, Daniel"]
[Result "1/2-1/2"]
[WhiteElo "1841"]
[BlackElo "1978"]
[PlyCount "171"]
[GameId "2160767912810277"]
[EventDate "1983.07.24"]
[EventType "swiss"]
[EventRounds "8"]
[EventCountry "CAN"]
[SourceTitle "hb 2011"]

1. d4 Nf6 2. c4 e6 3. Nf3 b6 4. a3 Bb7 5. e3 c5 6. Bd3 Be7 7. O-O O-O 8. Nc3 d5 9. cxd5 exd5 10. dxc5 bxc5 11. Re1 Nbd7 12. Qe2 Re8 13. Qc2 Bd6 14. e4 c4 15. Bf1 dxe4 16. Ng5 h6 17. Rd1 Qc7 18. Nh3 Bxh2+ 19. Kh1 Be5 20. Nb5 Qc6 21. Qxc4 Nc5 22. Be3 Ne6 23. Nd6 Red8 24. Qxc6 Bxc6 25. Nc4 Bc7 26. Rxd8+ Nxd8 27. Rc1 Nd5 28. b4 Nxe3 29. Nxe3 Be5 30. Nc4 Bf6 31. Na5 Bd7 32. Nf4 Ne6 33. Nd5 Bb2 34. Rc2 Bd4 35. Bc4 Kf8 36. Re2 f5 37. f3 exf3 38. gxf3 Re8 39. Nb7 Ng5 40. Nf4 Rxe2 41. Ng6+ Ke8 42. Nd6+ Kd8 43. Bxe2 Bb2 44. Nc4 Bc1 45. Kg2 Bb5 46. Nge5 Ne6 47. Bd3 Nf4+ 48. Kg3 Nxd3 49. Nxd3 Bxa3 50. Nce5 g5 51. Nc5 Bxb4 52. Ne6+ Ke7 53. Nd4 Bc3 54. Ng6+ Kf6 55. Nxb5 Be1+ 56. Kg2 Kxg6 57. Nxa7 h5 58. Nc6 Kf6 59. Nd4 Ke5 60. Ne2 Ba5 61. Ng3 h4 62. Ne2 Kd5 63. Ng1 Bb6 64. Nh3 Be3 65. Kf1 g4 66. fxg4 fxg4 67. Kg2 Ke4 68. Kh1 Kf3 69. Kh2 Ke2 70. Kh1 Kf1 71. Nf4 g3 72. Ng2 h3 73. Nxe3+ Kf2 74. Ng4+ Kf3 75. Nh2+ Ke2 76. Ng4 g2+ 77. Kh2 Kf3 78. Ne5+ Kf2 79. Ng4+ Ke2 80. Ne5 Ke3 81. Ng4+ Kf3 82. Ne5+ Kf4 83. Ng6+ Kg5 84. Ne5 Kf4 85. Ng6+ Ke3 86. Kg1 1/2-1/2

[Event "Quebec op"]
[Site "Montreal CAN"]
[Date "1983.07.28"]
[Round "5"]
[White "Rousseau, Daniel"]
[Black "Roy, Alain"]
[Result "1-0"]
[WhiteElo "1978"]
[BlackElo "1846"]
[PlyCount "65"]
[GameId "2160767912810286"]
[EventDate "1983.07.24"]
[EventType "swiss"]
[EventRounds "8"]
[EventCountry "CAN"]
[SourceTitle "hb 2011"]

1. e4 d6 2. d4 Nf6 3. Nc3 g6 4. Nf3 Bg7 5. Be2 O-O 6. O-O c6 7. Bg5 h6 8. Bh4 Qc7 9. Qd2 b5 10. a3 a6 11. Rad1 Nbd7 12. e5 dxe5 13. Bg3 Nh5 14. Bxe5 Nxe5 15. dxe5 Bxe5 16. Qxh6 Bg7 17. Qe3 Nf4 18. Rfe1 Nxe2+ 19. Rxe2 e6 20. Red2 c5 21. Ne4 c4 22. Qg5 Ra7 23. Qh4 Qe7 24. Nfg5 Re8 25. Qh7+ Kf8 26. Nd6 Qxg5 27. Nxe8 Bxb2 28. Nd6 Rd7 29. h4 Qd8 30. h5 gxh5 31. Qxh5 Bb7 32. Nxb7 Rxd2 33. Nxd8 1-0

[Event "Quebec op"]
[Site "Montreal CAN"]
[Date "1983.07.29"]
[Round "6"]
[White "Pineault, Denis"]
[Black "Rousseau, Daniel"]
[Result "1-0"]
[WhiteElo "2205"]
[BlackElo "1978"]
[PlyCount "78"]
[GameId "2160767912810292"]
[EventDate "1983.07.24"]
[EventType "swiss"]
[EventRounds "8"]
[EventCountry "CAN"]
[SourceTitle "hb 2011"]

1. e4 e5 2. Nf3 Nc6 3. Bb5 a6 4. Ba4 Nf6 5. O-O Be7 6. Re1 b5 7. Bb3 d6 8. c3 O-O 9. h3 Bb7 10. d3 Na5 11. Bc2 c5 12. Nbd2 Re8 13. Nf1 h6 14. N3h2 d5 15. Qf3 d4 16. Ng3 Bf8 17. Nf5 Kh7 18. g4 Nd7 19. g5 g6 20. Nxh6 Bxh6 21. gxh6 f5 22. b4 cxb4 23. cxb4 Rc8 24. Bd1 Rf8 25. Qg2 Nc6 26. Bf3 f4 27. Bd2 Qe7 28. a3 Nb6 29. Kh1 Kxh6 30. Rg1 Rg8 31. Bd1 Rc7 32. Bb3 Rg7 33. Rac1 Bc8 34. Nf3 g5 35. Nh2 Bd7 36. Bd1 Rc8 37. Bg4 Rh8 38. Bxd7 Qxd7 39. Ng4+ Kh7 1-0

[Event "Quebec op"]
[Site "Montreal CAN"]
[Date "1983.07.30"]
[Round "7"]
[White "Rousseau, Daniel"]
[Black "Kachroo, Vidyadher"]
[Result "0-1"]
[WhiteElo "1978"]
[BlackElo "1854"]
[PlyCount "120"]
[GameId "2160767912810300"]
[EventDate "1983.07.24"]
[EventType "swiss"]
[EventRounds "8"]
[EventCountry "CAN"]
[SourceTitle "hb 2011"]

1. e4 e5 2. Nf3 Nc6 3. Bb5 a6 4. Ba4 Nf6 5. O-O Be7 6. Re1 b5 7. Bb3 d6 8. c3 O-O 9. h3 Na5 10. Bc2 c5 11. d4 Qc7 12. Nbd2 cxd4 13. cxd4 Nc6 14. Nb3 a5 15. Be3 a4 16. Nbd2 Nb4 17. Bb1 Bd7 18. a3 Nc6 19. Bd3 Na5 20. Qe2 Qb8 21. Rac1 Re8 22. dxe5 dxe5 23. Bc5 Bd8 24. Rc2 h6 25. Rb1 Nb7 26. Bxb5 Bxb5 27. Qxb5 Ra5 28. Qb4 Rxc5 29. Rxc5 Be7 30. Rbc1 Bxc5 31. Rxc5 Nxc5 32. Qxc5 Qxb2 33. Kh2 Qb7 34. Qc4 Qd7 35. Nf1 Rc8 36. Qb4 Qc6 37. N3d2 Qc5 38. Qb7 Re8 39. f3 Qxa3 40. Nc4 Qb3 41. Qa6 Rb8 42. Nfd2 Qb5 43. Qa7 Ne8 44. Nf1 Rb7 45. Qa8 Qxc4 46. Qxe8+ Kh7 47. Ne3 Qc5 48. Nd5 a3 49. Qxe5 Qc8 50. Qa1 Qb8+ 51. f4 Ra7 52. e5 Qb2 53. Qe1 a2 54. Qe4+ Kh8 55. Qf5 Qc1 56. e6 a1=Q 57. exf7 Qh1+ 58. Kg3 Qae1+ 59. Kg4 Qxg2+ 60. Kh5 Qf3+ 0-1